000 01448ncm0a22003971 4500
001 RU\NLR\ONIZ\219568
005 20250626085136.0
013 _a979-0-706431-88-8
021 _aRU
_b17-164н
_917-10н
035 _aRU\NLR\ONIZ\natafirs\5000002036\20170913135319
035 _a(NLR Aleph) 011535156
090 _a12165499
_c12165499
100 _a20170913d2017 |||y0rusy50 ca
101 0 _aeng
_arus
102 _aRU
125 _aay
128 _asft
145 0 _ab
200 1 _aСимфониетта
_bНоты
_dSynphonietta
_eдля камер. орк.
_fЛ. Любовский
_zeng
208 _aПартитура
_dScore
210 _aМосква
_cКомпозитор
_d2017
215 _a43 с.
_d29 см
300 _aКрат. биогр. справка: с. 42
606 1 _aСимфониетты для оркестра
_yРоссия
_z20 -21 вв.
_2nlr_sh
606 1 _aКамерный оркестр
_yРоссия
_z20-21 вв.
_jНоты
_2nlr_sh
686 _aЩ951.3-040(2Р=Рус)П
_vLBC/SL
_2rubbk
700 1 _9z01790
_aЛюбовский
_bЛ. З.
_f1937-
_gЛеонид Зиновьевич
_4230
790 1 _9z01700
_aLyubovskij
_bL. Z.
_f1937-
_gLeonid Zinov`evich
_4230
801 0 _aRU
_bNLR
_c20170913
_gPSBO
801 1 _aRU
_bNLR
_c20170913
_2rusmarc
801 2 _aRU
_bNLR
_c20171005
852 _aNLR
_bМ
_jК-3/28817
_pМОЭ 2017-10н/164н
_t1
942 _cSCORE
980 _aNB
980 _aONIZ